| 000 | 00449nam a2200145 a 4500 | ||
|---|---|---|---|
| 999 |
_c4229 _d4229 |
||
| 020 | _a8126529334 (paperback) | ||
| 020 | _a9788126529339 (paperback) | ||
| 100 | 1 | _aEl-Hawary. | |
| 245 | 1 | 0 | _aPrinciples of Electric Machines with Power Electronic Applications |
| 300 | _a1 v. (unpaged) ; | ||
| 650 | _aElectric Machinery | ||
| 650 | _aPower Electronics | ||
| 856 | 4 | 0 | _uhttp://www.amazon.com/exec/obidos/ASIN/8126529334/chopaconline-20 |
| 942 | _cBK | ||